Регионална библиотека "Любен Каравелов" - Русе

XV Международен конкурс за екслибрис Ex Libris - Ex Cinema 2019 (Запис номер 400662)

MARC детайли
000 -Лидер
Контролно поле с фиксирана дължина nkm a22 a 4500
003 - Код на организацията, давaща контролен номер
Контролно поле BLK
005 - Дата и час на последна редакция
Контролно поле 20220207110754.0
008 - Елементи от данни с фиксирана дължина
fixed length control field 210311b bu ||||| |||| 00| 0abu d
020 ## - Международен стандартен номер на книга ISBN
Международен стандартен номер на книга ISBN 978-619-7404-07-4
040 ## - Източник на каталожния запис
Идентификатор на билиотеката - собственик на записа BLK
041 ## - Код за език
Код за езика на текст/звукозапис или на отделно заглавие Български
Код за езика КДБФ Български
080 ## - УДК
Текстов определител УДК Екслибриси. Собствени книжни знаци. Знаци за произхода на книгата. Вж и Екслибрис като приложна графика 766:097;Колекции от екслибриси 769. 3:097
УДК код - определител по УДК 097
УДК определител 097:061.41(497.215)(083.824)
УДК - код + определител 097:061.41(497.215)(083.824)
080 ## - УДК
Текстов определител УДК Ескизи за екслибриси
УДК код - определител по УДК 766:097
УДК определител :061.41(497.215)(083.824)
УДК - код + определител 766:097:061.41(497.215)(083.824)
110 ## - Редна дума - колетивен орган
9 (RLIN) 395109
Редна дума - наименование на организация или юридическо лице Международен конкурс Ex Libris, ХV. Русе, 2019
139 ## - Редно поле
Редна дума Международен конкурс Ex Libris, ХV. Русе, 2019
Авторски знак Мед - М 45
240 ## - Унифицирано заглавие
Унифицирано заглавие XV International Ex Libris Competition Ex Libris - Ex Cinema 2019
245 ## - Сведения за заглавието
Заглавие XV Международен конкурс за екслибрис Ex Libris - Ex Cinema 2019
Подзаглавни данни Каталог
260 ## - Област на издателските данни
9 (RLIN) 212696
Място на издаване, разпространение и проч. Русе
Име на издателя, разпространителя и проч. Регион. библ. Любен Каравелов
Година на издаване 2019
Печатница Русе : Дема прес
300 ## - Физическа характеристика
Страници 243 с.
Илюстрации и др. с цв. ил.
Размери/Мащаб 18 x 25 см
380 ## - Жанр
Жанр Общ отдел
500 ## - Общи забележки
Забележка Загл. на гърба на кн.: Ех Libris - Ex Cinema 2019<br/>Загл. в изд. каре: Каталог Ex Libris 2019
650 #7 - Допълнително описание по предмет – тема
9 (RLIN) 154498
Основно описание – тема или топоним Екслибриси - изложби - каталози
653 #7 - Ключова дума – ненормативна
9 (RLIN) 186014
Ключова дума екслибриси
852 ## - Местоположение
Фондова буква Краезнание
Систематично-азбучна сигнатура К 0/М 45
852 ## - Местоположение
Фондова буква Краезнание
Систематично-азбучна сигнатура К 0/М 45
852 ## - Местоположение
Фондова буква Краезнание
Систематично-азбучна сигнатура К 0/М 45
999 ## - СИСТЕМНИ КОНТРОЛНИ НОМЕРА
Koha biblionumber 400662
Koha biblioitemnumber 400662
942 ## - АРТИКУЛИ
Вид на библиотечния материал Графични издания
Скрит в OPAC Не
Периодичен библиозапис Да
944 ## - СЪЗДАВАНЕ И РЕДАКЦИЯ на ЗАПИСА
Създаване/Редакция Създаване
Дата на регистрацията/редакция 2021-03-11
Служител, извършил регистрацията/редакцията А.М.
999 ## - СИСТЕМНИ КОНТРОЛНИ НОМЕРА
Koha biblioitemnumber 400662
999 ## - СИСТЕМНИ КОНТРОЛНИ НОМЕРА
Koha biblioitemnumber 400662
999 ## - СИСТЕМНИ КОНТРОЛНИ НОМЕРА
Koha biblioitemnumber 400662
999 ## - СИСТЕМНИ КОНТРОЛНИ НОМЕРА
Koha biblioitemnumber 400662
999 ## - СИСТЕМНИ КОНТРОЛНИ НОМЕРА
Koha biblioitemnumber 400662
999 ## - СИСТЕМНИ КОНТРОЛНИ НОМЕРА
Koha biblioitemnumber 400662
999 ## - СИСТЕМНИ КОНТРОЛНИ НОМЕРА
Koha biblioitemnumber 400662
999 ## - СИСТЕМНИ КОНТРОЛНИ НОМЕРА
Koha biblioitemnumber 400659
999 ## - СИСТЕМНИ КОНТРОЛНИ НОМЕРА
Koha biblioitemnumber 400659
999 ## - СИСТЕМНИ КОНТРОЛНИ НОМЕРА
Koha biblioitemnumber 332800
999 ## - СИСТЕМНИ КОНТРОЛНИ НОМЕРА
Koha biblioitemnumber 332800
Наличности
Код за отписване Код за изгубен артикул Източник на класификационната схема Код за повреда Коз за рестрикции Код за отдаване Артикулен № Име на библиотеката - собственик Име на библиотеката, в която се намира в момента Статус (Текущо местоположение) Дата на вписване в системата Местоположение - отдел Цена в лева Инвентарен номер Систематично азбучна сигнатура Баркод Цена в евро Служебен тип на артикула
  Не е изгубен Universal Decimal Classification Не е повреден само за читалня ползва се в читалня 815971 Регионална библиотека "Любен Каравелов" Русе Регионална библиотека "Любен Каравелов" Русе Краезнание 2021-03-13 Краезнание 12.00 120000853262 К 0/М 45 120000853262 6.14 Графични издания
  Не е изгубен Universal Decimal Classification Не е повреден само за читалня ползва се в читалня 816473 Регионална библиотека "Любен Каравелов" Русе Регионална библиотека "Любен Каравелов" Русе Хранилище 2021-03-16 Основен фонд - ползва се само за читалня 12.00   Цб 307260 120000853595 6.14 Графични издания
  Не е изгубен Universal Decimal Classification Не е повреден само за читалня ползва се в читалня 837047 Регионална библиотека "Любен Каравелов" Русе Регионална библиотека "Любен Каравелов" Русе Краезнание 2021-06-16 Краезнание 20.00   К 0/М 45 120000856546 10.23 Графични издания
Vip Innovations Ltd, Rousse, Bulgaria 2025